Normal view
MARC view
Entry Personal Name
001 - CONTROL NUMBER
- control field: 5772
003 - CONTROL NUMBER IDENTIFIER
- control field: dpl
005 - DATE AND TIME OF LATEST TRANSACTION
- control field: 20100804113017.0
008 - FIXED-LENGTH DATA ELEMENTS
- fixed length control field: 100804|||a|||||| | ||| d
040 ## - CATALOGING SOURCE
- Original cataloging agency: dpl
- Transcribing agency: dpl
100 ## - HEADING--PERSONAL NAME
- Personal name: Cox, Joyce
670 ## - SOURCE DATA FOUND
- Source citation: Work cat.: (dpl): Preppernau, Joan 5769, Window 7 step by step /, 2010
670 ## - SOURCE DATA FOUND
- Source citation: Work cat.: (dpl): Preppernau, Joan 5769, Window 7 step by step /, 2010
